00713nam a2200217Ia 4500008004000000041000800040082001600048100001900064245005100083260005000134300001200184650001500196650001300211650001000224650001300234650001200247690002100259906001100280999001900291952018500310210210b2018 xxu||||| |||| 00| 0 eng d aeng a420.07 AHMM aAHMAD (Jameel) aMedia technology and English language teaching aNew DelhibA P H Publishing Corporationc2018 axii,196 atechnology ateaching aMedia alanguage aEnglish aEnglish Language a073680 c123430d123430 001040708JournalismaALbALcEnglish Languaged2021-02-17eSapna Book House Pvt Ltd, K S Rao Road, Mangaloreg595.00l0o420.07 AHMMp073680r2021-02-17 00:00:00w2021-02-17yBK